Les allemands en Ligue 1 (2020-2026) - Statistiques

Statistiques générales
  • Ce quiz a été pris 43 fois
  • Le résultat moyen est 4 sur 11
Statistiques - réponses
Nb de saisons Clubs Joueur % Correct
5 Paris-SG (2020-2022), Monaco (2023-2026) Thilo Kehrer
95%
2 Paris-SG (2020-2022) Julian Draxler
88%
3 Monaco (2020-2023) Kevin Volland
59%
2 Lyon (2021-2023) Jérôme Boateng
51%
1 Paris FC (2025-2026) Kevin Trapp
49%
2 Monaco (2021-2023) Alexander Nübel
27%
1 Lyon (2021-2022) Julian Pollersbeck
22%
3 Reims (2023-2025), Le Havre (2025-2026) Reda Khadra
22%
2 Toulouse (2023-2025) Niklas Schmidt
12%
1 Lorient (2021-2022) Moritz Jenz
10%
1 Monaco (2025-2026) Paris Brunner
10%
Aucun quiz correspondant
Distribution des résultats
% des personnes avec chaque résultat
Percentile par nombre de réponses
Votre historique - résultats
Vous n’avez pas pris ce quiz